000 00519nam a22002297a 4500
003 UA-OsUOA
001 30077
007 ta
008 20041103b un ||||| |||| 00| 0 ukr d
090 _a821.161.2
_bС79
942 _cBK
040 _aUA-OsUOA
_bukr
_cUA-OsUOA
_dUA-OsUOA
245 _aКров людська не водиця. Велика рідня
300 _a610 с.
955 _a0
041 _aukr
080 _a821.161.2
260 _c1962
044 _aUA
650 7 _2UDC
999 _c316484
_d316484